[Event "45th Olympiad 2024"]
[Site "Budapest HUN"]
[Date "2024.09.15"]
[Round "5.13"]
[Board "4"]
[White "Ivic, Velimir"]
[Black "Di Berardino, Diego Rafael"]
[Result "1/2-1/2"]
[WhiteTitle "GM"]
[BlackTitle "IM"]
[WhiteElo "2599"]
[BlackElo "2472"]
[WhiteTeam "Serbia"]
[BlackTeam "Brazil"]
[WhiteFideId "950122"]
[BlackFideId "2105446"]
[EventDate "2024.09.11"]

1. e4 e6 2. d4 d5 3. Nc3 Nf6 4. e5 Nfd7 5. f4 c5 6. Nf3 Nc6 7. Be3 a6 8. Ne2 Qb6
9. Qc1 Be7 10. c3 f6 11. h4 O-O 12. h5 h6 13. Rh3 Rf7 14. Qc2 cxd4 15. Bxd4 Qc7
16. exf6 Nxd4 17. Nexd4 Rxf6 18. f5 Nc5 19. Nh4 Rf7 20. Ndf3 e5 21. g4 e4 22.
Nd4 Qf4 23. Ng6 Qxg4 24. Qh2 Nd3+ 25. Bxd3 exd3 26. Re3 d2+ 27. Qxd2 Bh4+ 28.
Nxh4 Qxh4+ 29. Qf2 Qh1+ 30. Qf1 Qxf1+ 31. Kxf1 Bxf5 32. Re5 Be4+ 33. Ke2 Rd8 34.
Rg1 Kh7 35. Ke3 Rdd7 36. a4 Rde7 37. Rxe7 Rxe7 38. Kf4 a5 39. Re1 Kg8 40. c4 Kf8
41. c5 Rf7+ 42. Ke5 Ke7 43. Re3 Kd7 44. Rb3 Re7+ 45. Kf4 Kc7 46. Rb6 Bg2 47.
Ne6+ Kb8 48. c6 d4 49. Nxd4 Re4+ 50. Kg3 Rxd4 51. Rxb7+ Kc8 52. Kxg2 Rxa4 53.
Kg3 Ra1 54. Kf4 Rh1 55. Ke5 Rxh5+ 56. Kd6 Rh4 57. Rc7+ Kb8 58. Rb7+ Kc8 59. Rxg7
Rd4+ 60. Kc5 Rb4 61. Rg2 Kc7 62. Rg7+ Kc8 63. Rh7 Rxb2 64. Rh8+ Kc7 65. Rh7+ 1/2-1/2

[Event "45th Olympiad 2024"]
[Site "Budapest HUN"]
[Date "2024.09.15"]
[Round "5.14"]
[Board "2"]
[White "Blomqvist, Erik"]
[Black "Sargsyan, Shant"]
[Result "1/2-1/2"]
[WhiteTitle "GM"]
[BlackTitle "GM"]
[WhiteElo "2491"]
[BlackElo "2649"]
[WhiteTeam "Sweden"]
[BlackTeam "Armenia"]
[WhiteFideId "1709437"]
[BlackFideId "13306766"]
[EventDate "2024.09.11"]

1. e4 e5 2. Nf3 Nc6 3. Bb5 a6 4. Ba4 Nf6 5. O-O Be7 6. Re1 b5 7. Bb3 O-O 8. a4
b4 9. d4 d6 10. dxe5 Nxe5 11. Nxe5 dxe5 12. Qe2 Bc5 13. Be3 Bd4 14. Bxd4 Qxd4
15. Rd1 Bg4 16. Rxd4 Bxe2 17. Rxb4 a5 18. Rb7 Rfc8 19. Ba2 Nxe4 20. Rb3 Bc4 21.
Re3 Bxa2 22. Rxe4 Bxb1 23. Rxb1 f6 24. f4 exf4 25. Rxf4 c5 26. Rd1 Rd8 27. Rxd8+
Rxd8 28. Rc4 Rd5 29. Kf2 Kf7 30. b3 h5 1/2-1/2

[Event "45th Olympiad 2024"]
[Site "Budapest HUN"]
[Date "2024.09.15"]
[Round "5.14"]
[Board "3"]
[White "Sargissian, Gabriel"]
[Black "Hillarp Persson, Tiger"]
[Result "1-0"]
[WhiteTitle "GM"]
[BlackTitle "GM"]
[WhiteElo "2646"]
[BlackElo "2457"]
[WhiteTeam "Armenia"]
[BlackTeam "Sweden"]
[WhiteFideId "13300881"]
[BlackFideId "1700812"]
[EventDate "2024.09.11"]

1. d4 Nf6 2. c4 e6 3. Nf3 d5 4. g3 Bb4+ 5. Bd2 Be7 6. Bg2 O-O 7. O-O c6 8. Qc2
Nbd7 9. Rc1 a5 10. a4 Ne4 11. Be3 g5 12. Ne1 Nd6 13. Na3 Nf5 14. Qd3 Nxe3 15.
Qxe3 Nb6 16. b3 Bf6 17. Rd1 Bg7 18. Nf3 h6 19. h4 gxh4 20. Nxh4 Qg5 21. f4 Qf6
22. Nf3 Bd7 23. Nc2 Qg6 24. Nfe1 dxc4 25. bxc4 Nxc4 26. Qf3 Rad8 27. Rab1 b5 28.
Nd3 b4 29. Rbc1 Be8 30. Nc5 Nb6 31. e3 Nd5 32. Na1 Nc3 33. Nab3 Nxd1 34. Rxd1
Ra8 35. Bf1 Bf6 36. Bd3 Qg7 37. Kf2 Ra7 38. Rh1 Bd7 39. g4 Bc8 40. Rh5 Rd8 41.
Qh1 Qxg4 42. Rxh6 Rd5 43. Be4 Qg7 44. Rh7 Qg4 45. Qh6 Rf5 46. Bf3 1-0

[Event "45th Olympiad 2024"]
[Site "Budapest HUN"]
[Date "2024.09.15"]
[Round "5.15"]
[Board "1"]
[White "Deac, Bogdan-Daniel"]
[Black "Makhnev, Denis"]
[Result "1/2-1/2"]
[WhiteTitle "GM"]
[BlackTitle "GM"]
[WhiteElo "2680"]
[BlackElo "2551"]
[WhiteTeam "Romania"]
[BlackTeam "Kazakhstan"]
[WhiteFideId "1226380"]
[BlackFideId "13707647"]
[EventDate "2024.09.11"]

1. e4 e5 2. Nf3 Nc6 3. Bb5 a6 4. Ba4 Nf6 5. O-O Be7 6. Re1 b5 7. Bb3 O-O 8. h3
Bb7 9. d3 d6 10. a3 Nb8 11. Nbd2 Nbd7 12. Nf1 Nc5 13. Ba2 Ne6 14. b4 Re8 15. Ng3
Bf8 16. Ng5 Nxg5 17. Bxg5 h6 18. Bxf6 Qxf6 19. Re3 Qd8 20. Qh5 d5 21. exd5 Bxd5
22. Bxd5 Qxd5 23. Ne4 Re6 24. Qf3 Qc6 25. c4 Rd8 26. Rae1 a5 27. bxa5 bxc4 28.
dxc4 Qa4 29. Rd3 Rxd3 30. Qxd3 Qxa5 31. Ra1 Ra6 32. a4 Qb4 33. Qc2 f5 34. Ng3 g6
35. Nf1 Bc5 36. Qd2 Qxd2 37. Nxd2 Rd6 38. Ra2 Bb4 39. Nf1 Kf7 40. Ne3 Rc6 41. a5
Bc5 42. Nd5 Ba7 43. Ra4 Ke6 44. a6 Kd7 45. Nc3 Kc8 46. Nb5 Kb8 47. Kf1 Rb6 48.
f3 c6 49. Nxa7 Kxa7 50. Ra5 e4 1/2-1/2

[Event "45th Olympiad 2024"]
[Site "Budapest HUN"]
[Date "2024.09.15"]
[Round "5.15"]
[Board "2"]
[White "Nogerbek, Kazybek"]
[Black "Shevchenko, Kirill"]
[Result "1/2-1/2"]
[WhiteTitle "GM"]
[BlackTitle "GM"]
[WhiteElo "2519"]
[BlackElo "2673"]
[WhiteTeam "Kazakhstan"]
[BlackTeam "Romania"]
[WhiteFideId "13710427"]
[BlackFideId "14129574"]
[EventDate "2024.09.11"]

1. d4 d5 2. c4 e6 3. Nf3 Nf6 4. Nc3 c6 5. cxd5 exd5 6. Bg5 h6 7. Bh4 Be7 8. Qc2
Bg4 9. Ne5 Be6 10. e3 Nbd7 11. Nxd7 Qxd7 12. Bd3 O-O 13. O-O Rfe8 14. Rab1 Ng4
15. Bg3 Bd6 16. Ne2 Bxg3 17. Nxg3 Qd6 18. Be2 h5 19. Bxg4 Bxg4 20. h3 h4 21. Nf5
Bxf5 22. Qxf5 a5 23. Rfe1 Re4 24. f3 Re6 25. Qg5 Qg3 26. Qxg3 hxg3 27. e4 dxe4
28. Rxe4 Rd8 29. Rd1 c5 30. Kf1 Rb6 31. b3 Rbd6 32. Ke2 cxd4 33. Rc1 a4 34. b4
f5 35. Re5 Rd5 36. Rxd5 Rxd5 37. Rc8+ Kf7 38. Rc7+ Kf6 39. Rxb7 Re5+ 40. Kd2 a3
41. Rb6+ Ke7 42. Rc6 g5 43. Rc5 Rxc5 44. bxc5 Ke6 45. Kd3 Kd5 46. c6 Kxc6 47.
Kxd4 Kd6 48. Ke3 f4+ 49. Kd4 Ke6 50. Ke4 Kf6 51. h4 gxh4 52. Kxf4 h3 53. Kxg3
hxg2 54. Kxg2 Kf5 55. Kf2 Kf4 56. Ke2 Kf5 57. Ke3 Ke5 58. Kd3 Kf4 59. Kc3 Kxf3
60. Kb3 1/2-1/2

[Event "45th Olympiad 2024"]
[Site "Budapest HUN"]
[Date "2024.09.15"]
[Round "5.15"]
[Board "3"]
[White "Nisipeanu, Liviu-Dieter"]
[Black "Zhalmakhanov, Ramazan"]
[Result "1/2-1/2"]
[WhiteTitle "GM"]
[BlackTitle "GM"]
[WhiteElo "2580"]
[BlackElo "2497"]
[WhiteTeam "Romania"]
[BlackTeam "Kazakhstan"]
[WhiteFideId "1202758"]
[BlackFideId "13706357"]
[EventDate "2024.09.11"]

1. e4 e5 2. Nf3 Nc6 3. Bc4 Nf6 4. d3 Be7 5. O-O O-O 6. Nc3 d6 7. a3 Be6 8. Nd5
Bxd5 9. exd5 Nb8 10. Re1 c6 11. dxc6 bxc6 12. b4 Nbd7 13. Bb3 a5 14. Bd2 Qc7 15.
c4 Rfe8 16. Qc2 c5 17. bxa5 Bd8 18. Ba4 Qc8 19. a6 Rxa6 20. Bb5 Ra8 21. a4 Re7
22. Bg5 Re6 23. Bxf6 Nxf6 24. Ng5 Re7 25. Ne4 Re6 26. Ng5 Re7 27. Ne4 Re6 28.
Ng5 1/2-1/2

[Event "45th Olympiad 2024"]
[Site "Budapest HUN"]
[Date "2024.09.15"]
[Round "5.15"]
[Board "4"]
[White "Ansat, Aldiyar"]
[Black "Parligras, Mircea-Emilian"]
[Result "0-1"]
[WhiteTitle "IM"]
[BlackTitle "GM"]
[WhiteElo "2457"]
[BlackElo "2537"]
[WhiteTeam "Kazakhstan"]
[BlackTeam "Romania"]
[WhiteFideId "13715658"]
[BlackFideId "1204297"]
[EventDate "2024.09.11"]

1. e4 e5 2. Nf3 Nc6 3. Bb5 Nf6 4. d3 Bc5 5. Ba4 O-O 6. O-O d6 7. c3 Ne7 8. h3
Ng6 9. Bc2 d5 10. d4 Bb6 11. Bg5 dxe4 12. Nxe5 Nxe5 13. dxe5 Qxd1 14. Rxd1 Nd7
15. Bxe4 Nxe5 16. Nd2 Re8 17. Re1 c6 18. Bf4 f6 19. Bxe5 Rxe5 20. Nc4 Re6 21.
Nxb6 axb6 22. Rad1 Kf7 23. g4 g6 24. a3 Re7 25. f4 Ra4 26. Bc2 Rxe1+ 27. Rxe1
Rxf4 28. Kg2 f5 29. g5 h6 30. gxh6 Rh4 31. Bb3+ Kf8 32. Rd1 Ke7 33. Re1+ Kf8 34.
Rd1 Ke7 35. Re1+ Kd8 36. Bf7 Rxh6 37. Re8+ Kc7 38. Rg8 f4 39. Bxg6 Bxh3+ 40. Kf3
Be6 41. Rg7+ Kd6 42. Kxf4 Rh2 43. Rxb7 Rxb2 44. Ke3 Kc5 45. Be4 Bc4 46. Bd3 Bd5
47. Ra7 b5 48. Ra6 Ra2 49. Be4 Bxe4 50. Kxe4 Rh2 51. Kd3 Rh4 52. Ra8 Rh3+ 53.
Kc2 Kc4 54. Rc8 c5 55. Rg8 Rh2+ 56. Kc1 Kb3 57. Rb8 Kxc3 58. Kb1 b4 59. axb4 c4
60. Rh8 Rxh8 0-1

[Event "45th Olympiad 2024"]
[Site "Budapest HUN"]
[Date "2024.09.15"]
[Round "5.16"]
[Board "1"]
[White "Garcia Pantoja, Roberto"]
[Black "Rodshtein, Maxim"]
[Result "1/2-1/2"]
[WhiteTitle "GM"]
[BlackTitle "GM"]
[WhiteElo "2550"]
[BlackElo "2600"]
[WhiteTeam "Colombia"]
[BlackTeam "Israel"]
[WhiteFideId "3509265"]
[BlackFideId "2806851"]
[EventDate "2024.09.11"]

1. e4 c5 2. Nf3 d6 3. Bb5+ Bd7 4. Bxd7+ Nxd7 5. O-O e6 6. Qe2 Ngf6 7. c3 Be7 8.
d4 O-O 9. e5 Ne8 10. Qe4 cxd4 11. cxd4 dxe5 12. dxe5 Nc5 13. Qg4 Qd3 14. Nc3 Nc7
15. Rd1 Qf5 16. Qc4 Rfc8 17. Be3 N5a6 18. Rd7 Bf8 19. Qh4 h6 20. a3 Nc5 21. Bxc5
Bxc5 22. Rad1 Bf8 23. h3 Na6 24. Ne4 Nc5 25. Ng3 Qc2 26. R7d2 Qg6 27. Rd4 Rc7
28. b4 Be7 29. Qf4 Na4 30. Qd2 Rc2 31. Qe1 Nc3 32. R1d2 Rxd2 33. Qxd2 Nd5 34.
Rg4 Qb1+ 35. Kh2 Kh7 36. Nh5 g6 37. Nf4 Rd8 38. Nxd5 Rxd5 39. Qc3 Qd3 40. Qc8
Rd7 41. Qe8 Kg7 42. Nd4 Rxd4 43. Qxe7 Rxg4 44. hxg4 Qxa3 1/2-1/2

[Event "45th Olympiad 2024"]
[Site "Budapest HUN"]
[Date "2024.09.15"]
[Round "5.16"]
[Board "2"]
[White "Gorshtein, Ido"]
[Black "Cardoso Cardoso, Jose Gabriel"]
[Result "1-0"]
[WhiteTitle "GM"]
[BlackTitle "GM"]
[WhiteElo "2543"]
[BlackElo "2508"]
[WhiteTeam "Israel"]
[BlackTeam "Colombia"]
[WhiteFideId "2815532"]
[BlackFideId "4430492"]
[EventDate "2024.09.11"]

1. c4 e5 2. g3 c6 3. Nf3 e4 4. Nd4 d5 5. cxd5 Qxd5 6. Nc2 Nf6 7. Nc3 Qe5 8. Bg2
Na6 9. Rb1 Be7 10. b4 O-O 11. Bb2 Qe6 12. a3 c5 13. Ba1 Rd8 14. O-O h5 15. b5
Nc7 16. Ne3 a6 17. bxa6 Rxa6 18. Qc2 Rxa3 19. Bb2 Ra6 20. Nxe4 Nxe4 21. Bxe4 g6
22. d3 Nb5 23. Nc4 Nd4 24. Bxd4 cxd4 25. Rb5 b6 26. f4 Qf6 27. Rg5 Bh3 28. Rb1
Qe6 29. Re5 Qf6 30. Nd2 Rc8 31. Qd1 Rc5 32. Nf3 Rxe5 33. Nxe5 Ra2 34. Bd5 Be6
35. Bxa2 Bxa2 36. Ra1 Bd5 37. Qa4 Kg7 38. Qd7 Be6 39. Qe8 Bd5 40. Ra7 Bc5 41.
Rd7 Be6 42. Rd8 Kh7 43. Nd7 Bxd7 44. Qg8+ Kh6 45. Rxd7 1-0

[Event "45th Olympiad 2024"]
[Site "Budapest HUN"]
[Date "2024.09.15"]
[Round "5.16"]
[Board "3"]
[White "Avila Pavas, Santiago"]
[Black "Nabaty, Tamir"]
[Result "1/2-1/2"]
[WhiteTitle "GM"]
[BlackTitle "GM"]
[WhiteElo "2485"]
[BlackElo "2630"]
[WhiteTeam "Colombia"]
[BlackTeam "Israel"]
[WhiteFideId "4437128"]
[BlackFideId "2809052"]
[EventDate "2024.09.11"]

1. e4 e5 2. Nf3 Nc6 3. Bc4 Bc5 4. d3 h6 5. c3 d6 6. Nbd2 Nge7 7. Nf1 O-O 8. Ng3
Be6 9. Bxe6 fxe6 10. b4 Bb6 11. a4 a6 12. Be3 Ng6 13. O-O Qd7 14. Rb1 Rf6 15. d4
exd4 16. cxd4 d5 17. b5 axb5 18. axb5 Nce7 19. Ne5 Nxe5 20. dxe5 Rf7 21. Bxb6
cxb6 22. f4 Raf8 23. Nh5 Ng6 24. Qg4 Kh7 25. g3 dxe4 26. Rfd1 Qe8 27. Rd4 Qc8
28. Rxe4 Rd8 29. Qe2 Rc7 30. Rb2 Rc1+ 31. Kg2 Rdd1 32. Kh3 Qd7 33. Rc2 Rxc2 34.
Qxc2 Rd2 35. Qc3 Ne7 36. Rc4 Qd5 37. Rc7 Qg2+ 38. Kg4 Nf5 39. Qf3 Qxh2 40. Qe4
Kh8 41. Rc8+ Kh7 42. Rc7 Rd8 43. Rxg7+ Kh8 44. Rg6 Ra8 45. Qf3 Ra3 46. Nf6 Qxg3+
47. Qxg3 Rxg3+ 48. Kh5 Rh3+ 49. Kg4 Ne7 50. Kxh3 Nxg6 51. Kg4 Ne7 52. Nd7 Nd5
53. Nf8 Nc7 54. f5 Kg7 55. Nd7 Nxb5 56. fxe6 Nc7 57. Nxb6 Nxe6 58. Kf5 Nd4+ 59.
Ke4 Nc6 60. Kf5 Kf7 61. e6+ Kg7 62. Nd5 Kf8 63. Kf6 Ke8 64. e7 Kd7 65. Nb6+ Ke8
66. Nd5 Nxe7 67. Nxe7 h5 68. Nf5 Kd7 69. Kg5 1/2-1/2

[Event "45th Olympiad 2024"]
[Site "Budapest HUN"]
[Date "2024.09.15"]
[Round "5.16"]
[Board "4"]
[White "Postny, Evgeny"]
[Black "Valderrama Quiceno, Esteban Alb"]
[Result "1/2-1/2"]
[WhiteTitle "GM"]
[BlackTitle "IM"]
[WhiteElo "2577"]
[BlackElo "2418"]
[WhiteTeam "Israel"]
[BlackTeam "Colombia"]
[WhiteFideId "2804344"]
[BlackFideId "4442024"]
[EventDate "2024.09.11"]

1. d4 Nf6 2. c4 e6 3. Nf3 d5 4. Nc3 Be7 5. Bg5 O-O 6. e3 Nbd7 7. Rc1 dxc4 8.
Bxc4 c5 9. O-O a6 10. Bd3 cxd4 11. Nxd4 Ne5 12. Bb1 Bd7 13. Ne4 Nc6 14. Qd3 Nxe4
15. Qxe4 g6 16. Bh6 Re8 17. Rfd1 Qb6 18. Nxc6 Bxc6 19. Qe5 Bf8 20. Bxf8 Rxf8 21.
h4 Qb4 22. Qf6 Rfe8 23. a3 Qe7 24. Qf4 h5 25. Qg5 Qxg5 26. hxg5 Red8 27. f3 Kf8
28. Kf2 Ke7 29. Bc2 a5 30. Bb3 Rxd1 31. Rxd1 a4 32. Bc4 Ra5 33. f4 Rc5 34. Bd3
Bb5 35. Be4 Bc6 36. Bd3 Bb5 37. Be4 Bc6 1/2-1/2

[Event "45th Olympiad 2024"]
[Site "Budapest HUN"]
[Date "2024.09.15"]
[Round "5.17"]
[Board "1"]
[White "Stefansson, Vignir Vatnar"]
[Black "Cheparinov, Ivan"]
[Result "0-1"]
[WhiteTitle "GM"]
[BlackTitle "GM"]
[WhiteElo "2531"]
[BlackElo "2628"]
[WhiteTeam "Iceland"]
[BlackTeam "Bulgaria"]
[WhiteFideId "2308649"]
[BlackFideId "2905540"]
[EventDate "2024.09.11"]

1. e4 c5 2. Nf3 d6 3. d4 cxd4 4. Qxd4 Nf6 5. Nc3 Nc6 6. Qe3 g6 7. Bc4 Bg7 8. O-O
O-O 9. Rd1 Bg4 10. e5 Nxe5 11. Nxe5 Bxd1 12. Nxf7 Rxf7 13. Bxf7+ Kxf7 14. Nxd1
d5 15. Qb3 Qb6 16. Be3 Qxb3 17. axb3 a6 18. Bd4 e5 19. Bxe5 Re8 20. f4 Ng4 21.
Nc3 Bxe5 22. fxe5 Rxe5 23. Rf1+ Ke7 24. Nd1 Ke6 25. h3 Nf6 26. Rf3 Re1+ 27. Rf1
Rxf1+ 28. Kxf1 d4 29. Ke2 Ke5 30. Nf2 Kf4 31. c3 dxc3 32. bxc3 Ne4 33. Nd3+ Kg3
34. c4 Kxg2 35. Ke3 Nd6 36. Nf4+ Kg3 37. c5 Nf7 38. Ke4 g5 39. Ne6 Kxh3 40. Kf5
h5 41. Kg6 Kg4 42. Kxf7 h4 0-1

[Event "45th Olympiad 2024"]
[Site "Budapest HUN"]
[Date "2024.09.15"]
[Round "5.17"]
[Board "2"]
[White "Naiditsch, Arkadij"]
[Black "Kjartansson, Gudmundur"]
[Result "0-1"]
[WhiteTitle "GM"]
[BlackTitle "GM"]
[WhiteElo "2643"]
[BlackElo "2478"]
[WhiteTeam "Bulgaria"]
[BlackTeam "Iceland"]
[WhiteFideId "4650891"]
[BlackFideId "2301318"]
[EventDate "2024.09.11"]

1. Nf3 Nf6 2. g3 g6 3. c4 c6 4. b3 Bg7 5. Bb2 d6 6. Bg2 e5 7. d3 Nbd7 8. O-O O-O
9. Nc3 Re8 10. Qc2 a6 11. Rac1 Rb8 12. Ne4 Nxe4 13. dxe4 a5 14. Bh3 Nc5 15. Bxc8
Qxc8 16. Ba3 b6 17. Rcd1 Bf8 18. e3 Qh3 19. Nd2 h5 20. Nb1 h4 21. Nc3 Be7 22.
Qe2 hxg3 23. fxg3 Kg7 24. Qf3 f6 25. Rf2 Rbd8 26. Rdd2 Rh8 27. Qd1 Qh5 28. h4
Kf7 29. Rf3 Ke6 30. Bxc5 bxc5 31. Rh2 Rdf8 32. Qf1 f5 33. Rhf2 Qg4 34. Qg2 Kd7
35. Kh2 g5 36. Rxf5 gxh4 37. Kg1 hxg3 38. R2f3 Rfg8 39. Rf7 Rh2 40. Qxg3 Rc2 0-1

[Event "45th Olympiad 2024"]
[Site "Budapest HUN"]
[Date "2024.09.15"]
[Round "5.17"]
[Board "3"]
[White "Stefansson, Hannes"]
[Black "Petrov, Martin"]
[Result "1/2-1/2"]
[WhiteTitle "GM"]
[BlackTitle "GM"]
[WhiteElo "2471"]
[BlackElo "2536"]
[WhiteTeam "Iceland"]
[BlackTeam "Bulgaria"]
[WhiteFideId "2300087"]
[BlackFideId "2911086"]
[EventDate "2024.09.11"]

1. e4 c5 2. Nf3 d6 3. d4 cxd4 4. Nxd4 Nf6 5. Nc3 a6 6. Be3 e5 7. Nf3 Be7 8. Bc4
Be6 9. Bb3 Nbd7 10. O-O Rc8 11. Ng5 Bxb3 12. cxb3 O-O 13. h3 b5 14. a3 h6 15.
Nf3 Nc5 16. Bxc5 Rxc5 17. b4 Rc4 18. Re1 Qd7 19. Qe2 Rfc8 20. Rad1 Qe6 21. Nh2
Bd8 22. Ng4 Nxg4 23. Qxg4 R8c6 24. Re2 Bb6 25. Red2 Rd4 26. g3 g6 27. Kg2 Kg7
28. Qf3 Qb3 29. g4 Rxd2 30. Rxd2 Bd4 31. Ne2 Qxf3+ 32. Kxf3 Bb6 33. Nc3 Kf6 34.
Rd3 Ke6 35. Ke2 Rc4 36. Rf3 Bd8 37. Rd3 Bb6 38. Rf3 Bd8 39. Rd3 Bb6 40. Rf3 1/2-1/2

[Event "45th Olympiad 2024"]
[Site "Budapest HUN"]
[Date "2024.09.15"]
[Round "5.17"]
[Board "4"]
[White "Petkov, Momchil"]
[Black "Gretarsson, Helgi Ass"]
[Result "0-1"]
[WhiteTitle "GM"]
[BlackTitle "GM"]
[WhiteElo "2540"]
[BlackElo "2450"]
[WhiteTeam "Bulgaria"]
[BlackTeam "Iceland"]
[WhiteFideId "2921642"]
[BlackFideId "2300699"]
[EventDate "2024.09.11"]

1. d4 d5 2. c4 c6 3. Nf3 Nf6 4. Nc3 dxc4 5. e4 b5 6. Be2 e6 7. O-O Bb7 8. Rb1
Qc7 9. a3 Nbd7 10. b3 cxb3 11. Qxb3 a6 12. Rd1 h6 13. Bd2 c5 14. d5 e5 15. Bxb5
axb5 16. Nxb5 Qb8 17. d6 Bxd6 18. Nxd6+ Qxd6 19. Qxb7 Rb8 20. Qxb8+ Nxb8 21. Bc3
Qxd1+ 22. Rxd1 Nxe4 23. Bxe5 O-O 24. Nd2 Rd8 25. Rb1 Rxd2 26. Rxb8+ Kh7 27. h3
Rxf2 28. Rb1 Rf5 29. Bb2 c4 30. Rc1 Rc5 31. Bd4 Rc6 32. a4 c3 33. Be3 Nf6 34. a5
Nd5 35. Kf2 Rf6+ 36. Ke2 Re6 37. Kd3 Nxe3 38. Rxc3 Nxg2 39. Kc4 Ne3+ 40. Kb5 Nf5
41. a6 Nd4+ 42. Ka5 Re1 43. Rc4 Ra1+ 44. Kb6 Rb1+ 45. Kc5 Ne6+ 46. Kc6 Rb8 47.
a7 Nd8+ 48. Kc5 Ra8 49. Kb6 g5 50. Rc5 Kg6 51. Rd5 f6 0-1

[Event "45th Olympiad 2024"]
[Site "Budapest HUN"]
[Date "2024.09.15"]
[Round "5.18"]
[Board "1"]
[White "Banusz, Tamas"]
[Black "Henriquez Villagra, Cristobal"]
[Result "0-1"]
[WhiteTitle "GM"]
[BlackTitle "GM"]
[WhiteElo "2605"]
[BlackElo "2604"]
[WhiteTeam "Hungary B"]
[BlackTeam "Chile"]
[WhiteFideId "722413"]
[BlackFideId "3409350"]
[EventDate "2024.09.11"]

1. Nf3 d5 2. g3 Nd7 3. d4 Nb6 4. Nc3 Nf6 5. Bg2 g6 6. O-O Bg7 7. a4 a5 8. Re1
Ne4 9. Qd3 f5 10. Bf4 c6 11. h4 Nc4 12. b3 Ncd6 13. Ne5 O-O 14. Nxe4 fxe4 15.
Qd2 Qb6 16. Rad1 Be6 17. Qc3 Rac8 18. Qc5 Qxc5 19. dxc5 Nf5 20. e3 Nh6 21. c4
Nf7 22. Nxf7 Rxf7 23. f3 dxc4 24. bxc4 h6 25. fxe4 Bg4 26. e5 Bxd1 27. Rxd1 e6
28. Be4 g5 29. hxg5 hxg5 30. Bxg5 Bxe5 31. Kg2 Rg7 32. Bf4 Bc7 33. Rb1 Bxf4 34.
exf4 Rd8 35. Kf3 Rd4 36. Rc1 Rd2 37. Bc2 Rh2 38. Bb1 Rb2 39. Bc2 Kf8 40. g4 Rb4
41. Bd1 Rh7 0-1

[Event "45th Olympiad 2024"]
[Site "Budapest HUN"]
[Date "2024.09.15"]
[Round "5.70"]
[White "Salinas Herrera, Pablo"]
[Black "Prohaszka, Peter2"]
[Result "1-0"]
[WhiteTitle "GM"]
[BlackTitle "GM"]
[WhiteElo "2479"]
[BlackElo "2542"]
[WhiteTeam "Chile"]
[BlackTeam "Hungary B"]
[WhiteFideId "3407128"]
[BlackFideId "726265"]
[EventDate "2024.09.11"]

1. e4 e5 2. Nf3 Nc6 3. Nc3 Nf6 4. Bb5 Bc5 5. O-O O-O 6. Bxc6 dxc6 7. d3 Re8 8.
Kh1 Bg4 9. h3 Bh5 10. Be3 Nd7 11. g4 Bg6 12. Ne2 Bf8 13. Rg1 Nc5 14. Rg3 f6 15.
Nh4 Ne6 16. Qd2 Bc5 17. Nf5 Kh8 18. Rag1 Rg8 19. Qc3 Qf8 20. Bxc5 Qxc5 21. Qxc5
Nxc5 22. f4 Ne6 23. fxe5 fxe5 24. Nh4 Rgf8 25. Nf3 Nf4 26. Nc3 Rae8 27. Rf1 Kg8
28. Kh2 Ne6 29. Rgg1 Nd4 30. Nxd4 exd4 31. Ne2 Rxf1 32. Rxf1 c5 33. b3 a5 34.
Kg3 a4 35. h4 b6 36. h5 Bf7 37. Nf4 h6 38. Kh4 a3 39. Ne2 Be6 40. Ng3 Kh7 41.
Nf5 b5 42. Kg3 Rd8 43. Kf4 Bf7 44. Rd1 Kg8 45. Rd2 Rd7 46. Re2 Kf8 47. Rf2 Kg8
48. Ke5 Kf8 49. Rg2 Rd8 50. Rd2 Kg8 51. Kf4 Kh7 52. Rh2 Be6 53. Rf2 Bf7 54. Kg3
Be6 55. Ne7 c4 56. Nc6 Rd6 57. Ne5 cxb3 58. cxb3 Ra6 59. Rf1 c5 60. Ng6 c4 61.
Rf8 Bg8 62. bxc4 bxc4 63. dxc4 Ra5 64. e5 d3 65. Rd8 Rd5 66. Rxg8 Kxg8 67. Ne7+
Kf7 68. Nxd5 d2 69. Nc3 Ke6 70. Kf4 1-0

[Event "45th Olympiad 2024"]
[Site "Budapest HUN"]
[Date "2024.09.15"]
[Round "5.18"]
[Board "3"]
[White "Antal, Gergely"]
[Black "Vasquez Schroeder, Rodrigo"]
[Result "1/2-1/2"]
[WhiteTitle "GM"]
[BlackTitle "GM"]
[WhiteElo "2544"]
[BlackElo "2457"]
[WhiteTeam "Hungary B"]
[BlackTeam "Chile"]
[WhiteFideId "717312"]
[BlackFideId "3400042"]
[EventDate "2024.09.11"]

1. e4 c5 2. Nf3 d6 3. Bb5+ Nd7 4. O-O a6 5. Be2 Ngf6 6. d3 g6 7. c4 Bg7 8. Nc3
O-O 9. d4 cxd4 10. Nxd4 e6 11. Be3 Qc7 12. Rc1 b6 13. f3 Bb7 14. b4 Rac8 15. Nb3
Qb8 16. Qe1 d5 17. exd5 exd5 18. c5 Rfe8 19. Qf2 bxc5 20. bxc5 Qc7 21. Bd4 Re6
22. Rfd1 Rce8 23. Bf1 Bh6 24. Rc2 Ne5 25. g3 Nc4 26. Re2 Rxe2 27. Bxe2 Qe7 28.
Bxc4 dxc4 29. Na5 Ba8 30. Nxc4 Ng4 31. Qf1 Ne3 32. Nxe3 Bxe3+ 33. Kg2 Bxd4 34.
Rxd4 Qe3 35. Rd3 Qxc5 36. Qd1 Kg7 37. Qd2 Qe5 38. Qf2 g5 39. h3 h5 40. Qd4 Qxd4
41. Rxd4 Re3 42. Ne4 g4 43. hxg4 hxg4 44. Nd2 Re2+ 45. Kf1 gxf3 46. Rd3 Rg2 47.
a3 Bc6 48. a4 Rxg3 49. Rd4 Rg6 50. Kf2 Kf8 51. Kf1 Ke7 52. Rf4 Ke6 53. Nb3 Rg5
54. Kf2 f6 55. Ke3 Kf7 56. Nd4 Bxa4 57. Nxf3 Ra5 58. Nd2 Re5+ 59. Ne4 Ke7 60.
Rxf6 Bc2 61. Rf4 Rd5 62. Rf2 Bb3 63. Rd2 Ra5 64. Kd4 Bd5 65. Nc5 Kd6 66. Rh2 Bc6
67. Rh6+ Kc7 68. Rh7+ Kb6 69. Nd7+ Bxd7 70. Rxd7 1/2-1/2

[Event "45th Olympiad 2024"]
[Site "Budapest HUN"]
[Date "2024.09.15"]
[Round "5.18"]
[Board "4"]
[White "Lopez Silva, Hugo"]
[Black "Papp, Gabor1"]
[Result "0-1"]
[WhiteTitle "IM"]
[BlackTitle "GM"]
[WhiteElo "2379"]
[BlackElo "2550"]
[WhiteTeam "Chile"]
[BlackTeam "Hungary B"]
[WhiteFideId "3403874"]
[BlackFideId "718602"]
[EventDate "2024.09.11"]

1. e4 c5 2. Nf3 Nc6 3. d4 cxd4 4. Nxd4 Nf6 5. Nc3 e5 6. Ndb5 d6 7. Bg5 a6 8. Na3
b5 9. Nd5 Be7 10. Bxf6 Bxf6 11. c4 b4 12. Nc2 a5 13. g3 g6 14. h4 Bg7 15. h5 O-O
16. Bh3 Be6 17. Kf1 a4 18. Kg2 b3 19. axb3 axb3 20. Nce3 Bxh3+ 21. Rxh3 Ra2 22.
hxg6 fxg6 23. Rb1 Nd4 24. Qg4 Rf7 25. f4 Qa5 26. Qd1 exf4 27. gxf4 Ne6 28. Qxb3
Qd2+ 29. Kh1 Rxb2 30. Rxb2 Bxb2 31. Qd1 Qxd1+ 32. Nxd1 Bc1 33. f5 Ng5 34. Rh4
gxf5 35. exf5 Kg7 36. N1e3 Bxe3 37. Nxe3 Ra7 38. Kg2 Kf6 39. Rd4 Ke5 40. Rd5+
Kf4 41. Nd1 Ne4 42. f6 Rd7 43. Rd4 Ke5 44. Rd5+ Ke6 45. Ne3 Nxf6 46. Ra5 Rc7 47.
Kf3 Rf7 48. Rf5 Ra7 49. Rb5 Ra3 50. Kf4 Rc3 51. Rf5 Rxe3 0-1